[Event "GER-chT U10"]
[Site "Magdeburg"]
[Date "2016.12.27"]
[Round "2.3"]
[White "Garner, Isaac"]
[Black "Heinitz, Arthur"]
[Result "1-0"]
[WhiteElo "1198"]
[BlackElo "776"]
[PlyCount "23"]
[EventDate "2016.12.27"]
[EventType "team-swiss"]
[EventRounds "7"]
[EventCountry "GER"]
[SourceTitle "EXT 2018"]
[Source "ChessBase"]
[SourceDate "2017.10.13"]
[SourceVersion "1"]
[SourceVersionDate "2017.10.13"]
[SourceQuality "1"]
[WhiteTeam "Hamburger SK"]
[BlackTeam "Vaterstetten"]
[WhiteTeamCountry "GER"]
[BlackTeamCountry "GER"]

1. e4 e5 2. Nf3 Nc6 3. Bb5 Nf6 4. 0-0 d6 5. d4 Nxe4 6. Re1 Bg4 7. Rxe4 Bxf3 8. Qxf3 Qd7 9. d5 b6 10. Bxc6 Qxc6 11. dxc6 0-0-0 12. Qxf7 1-0